The state of the world's children 1982-83 (Record no. 4161)

MARC details
000 -LEADER
fixed length control field 00526nam a2200181 4500
005 - DATE AND TIME OF LATEST TRANSACTION
control field 20231127233630.0
008 - FIXED-LENGTH DATA ELEMENTS--GENERAL INFORMATION
fixed length control field 231120b1982 |||||||| |||| 00| 0 eng d
020 ## - ISBN
ISBN 0198284640
027 ## - STANDARD TECHNICAL REPORT NUMBER
Report Number 3
082 ## - DEWEY DECIMAL CLASSIFICATION NUMBER
Classification number 362.71
Item number GRA
942 ## - ADDED ENTRY ELEMENTS (KOHA)
Item Type Reports
100 ## - MAIN ENTRY--PERSONAL NAME
Personal Name Grant, James P.
245 ## - TITLE STATEMENT
Title The state of the world's children 1982-83
260 ## - PUBLICATION, DISTRIBUTION, ETC. (IMPRINT)
Place of Publication Oxford:
Name of Publisher Oxford University Press,
Date of Copyright 1982
300 ## - PHYSICAL DESCRIPTION
Extent vi,131 p. photographs
650 ## - SUBJECT ADDED ENTRY--TOPICAL TERM
Topical Term Children--Developing countries
650 ## - SUBJECT ADDED ENTRY--TOPICAL TERM
Topical Term Children--Health and hygiene-Developing countries
Holdings
Withdrawn status Lost status Source of classification or shelving scheme Damaged status Not for loan Permanent location Current location Date acquired Total Checkouts Full call number Barcode Date last seen Price effective from Koha item type
    Dewey Decimal Classification     Resource center, Muslim Women's Research And Action Forum Resource center, Muslim Women's Research And Action Forum 2023-11-20   362.71 GRA RAF3094 2023-11-20 2023-11-20 Reports

Copyright © 2023 Muslim Women's Research and Action Forum (MWRAF), No 27/3, Anderson Road, Kalubowila, Dehiwela. Funded by The Asia Fundation